[Event "POR Cup Teams 2017-18"]
[Site "Maia"]
[Date "2018.07.15"]
[Round "5"]
[White "Silva, Miguel Antonio Neto"]
[Black "Wegerle, Joerg"]
[Result "*"]
[WhiteElo "2211"]
[BlackElo "2411"]
[Annotator "NA RC"]
[PlyCount "135"]
[EventDate "2018.05.05"]
[EventType "team-tourn"]
[EventCountry "POR"]
[SourceTitle "playchess.com"]
[Source "ChessBase"]
[SourceQuality "1"]
[TimeControl "5400+30"]

1. d4 {[%emt 0:00:00]} d5 {[%emt 0:00:00]} 2. Nf3 {[%emt 0:00:44]} Nf6 {[%emt 0:00:15]} 3. c4 {[%emt 0:00:28]} e6 {[%emt 0:00:09]} 4. g3 {[%emt 0:01:41]} Bb4+ {[%emt 0:00:51]} 5. Bd2 {[%emt 0:01:42]} Be7 {[%emt 0:00:17]} 6. Bg2 {[%emt 0:00:51]} O-O {[%emt 0:00:33]} 7. O-O {[%emt 0:00:13]} Nbd7 {[%emt 0:00:36]} 8. Qc2 {[%emt 0:01:52]} c6 {[%emt 0:00:44]} 9. Rd1 {[%emt 0:02:08]} a5 {[%emt 0:02:01] E11: Bogo-Indian} (9... b6 10. b3 Ba6 11. a4 Qc8 12. Na3 c5 13. cxd5 Nxd5 14. Nc4 Bb7 15. dxc5 Nxc5 16. Rac1 Nf6 17. b4 Nce4 18. Be1 Qe8 19. Ng5 Nxg5 20. Bxb7 {1-0 (35) Matlakov,M (2704)-Zhou,J (2624) Qinhuangdao 2018}) 10. Bf4 {[%emt 0:01:51]} Nh5 {[%emt 0:01:04]} 11. Nc3 {[%emt 0:07:10]} f5 $146 {[%emt 0:09:38]} ({Predecessor:} 11... Nxf4 12. gxf4 f5 13. e3 Nf6 14. Kh1 Bd7 15. Ne5 Bd6 16. Rg1 Be8 17. Bf3 b5 {0-1 (40) Greet,A (2443)-Briscoe,C (2268) Torquay 2009}) 12. Qd2 {[%emt 0:07:43]} Nxf4 {[%emt 0:05:53]} 13. gxf4 {[%emt 0:02:35]} dxc4 {[%emt 0:01:40]} 14. a4 {[%emt 0:00:27]} Qc7 {[%emt 0:15:44]} 15. Rac1 {[%emt 0:05:16]} Bd6 {[%emt 0:06:35]} 16. e3 {[%emt 0:03:44]} Nb6 {[%emt 0:08:07]} 17. Qe2 {[%emt 0:02:42]} Bd7 {[%emt 0:02:53]} 18. Nd2 {[%emt 0:01:16]} Rf6 {[%emt 0:01:38]} 19. Nxc4 {[%emt 0:01:14]} Nxc4 {[%emt 0:01:12]} 20. Qxc4 {[%emt 0:00:08]} Qd8 {[%emt 0:00:19]} 21. Ne2 {[%emt 0:10:17]} Rh6 {[%emt 0:04:39]} 22. Ng3 {[%emt 0:01:33]} Kh8 {[%emt 0:00:54]} 23. Rc3 {[%emt 0:17:25]} Qh4 {[%emt 0:01:27]} 24. Kf1 {[%emt 0:10:30]} Qxh2 {[%emt 0:05:47]} 25. Bf3 {[%emt 0:00:32]} Qh4 {[%emt 0:04:00]} 26. Ke2 {[%emt 0:00:24]} Qe7 {[%emt 0:00:24]} 27. Qb3 {[%emt 0:02:18]} Be8 {[%emt 0:04:28]} 28. Rcc1 {[%emt 0:00:24]} Rd8 {[%emt 0:01:22]} 29. Rh1 {[%emt 0:01:29]} Rxh1 {[%emt 0:00:57]} 30. Rxh1 {[%emt 0:00:36]} Bb4 {[%emt 0:01:37]} 31. Qc2 {[%emt 0:01:13]} g6 {[%emt 0:05:14]} 32. Rd1 {[%emt 0:03:39]} Qf6 {[%emt 0:01:50]} 33. b3 {[%emt 0:00:49]} Bf7 {[%emt 0:01:04]} 34. Nf1 {[%emt 0:00:47]} g5 {[%emt 0:04:43]} 35. fxg5 {[%emt 0:00:59]} Qxg5 {[%emt 0:00:07]} 36. Nd2 {[%emt 0:01:06]} Bxd2 {[%emt 0:02:06]} 37. Qxd2 {[%emt 0:01:36]} Bh5 {[%emt 0:00:10]} 38. Bxh5 {[%emt 0:00:22]} Qxh5+ {[%emt 0:00:04]} 39. Kd3 {[%emt 0:00:12]} Qf3 {[%emt 0:02:39]} 40. Kc2 {[%emt 0:02:21]} Rg8 {[%emt 0:01:27]} 41. Qc3 {[%emt 0:00:43]} Qd5 {[%emt 0:00:31]} 42. Rd2 {[%emt 0:02:07]} Rg1 {[%emt 0:01:17]} 43. Rd1 {[%emt 0:00:15]} Rxd1 {[%emt 0:00:33]} 44. Kxd1 {[%emt 0:00:01]} h5 {[%emt 0:00:14]} 45. Ke2 {[%emt 0:00:48]} Kh7 {[%emt 0:00:32]} 46. f3 {[%emt 0:00:11]} Kg6 {[%emt 0:01:29]} 47. Qe1 {[%emt 0:00:17]} f4 {[%emt 0:00:24]} 48. exf4 {[%emt 0:02:09]} Qxd4 {[%emt 0:00:20]} 49. Qg3+ $17 {[%emt 0:00:15]} (49. Qxa5 $15 Qxf4 50. Qb6) 49... Kf7 {[%emt 0:00:16]} 50. Qg5 {[%emt 0:00:15]} Qb2+ {[%emt 0:01:29]} 51. Kf1 {[%emt 0:00:12]} Qb1+ {[%emt 0:00:03]} 52. Kf2 {[%emt 0:00:34]} Qc2+ {[%emt 0:00:14]} 53. Kf1 {[%emt 0:01:09]} Qf5 {[%emt 0:01:14]} 54. Qd8 {[%emt 0:00:08]} Qxf4 {[%emt 0:00:45]} 55. Qd7+ {[%emt 0:00:21]} Kf6 {[%emt 0:00:09]} 56. Qd8+ {[%emt 0:00:11]} Kf5 {[%emt 0:00:24]} 57. Qf8+ {[%emt 0:01:14]} Kg5 {[%emt 0:00:19]} 58. Qd8+ {[%emt 0:01:19]} Qf6 {[%emt 0:00:50]} 59. Qxa5+ {[%emt 0:01:46]} Kh4 {[%emt 0:01:12]} 60. Qe1+ {[%emt 0:01:33]} Kh3 {[%emt 0:00:40]} 61. Qe3 {[%emt 0:00:33]} Qa1+ {[%emt 0:00:35]} 62. Kf2 {[%emt 0:00:07]} Qb2+ {[%emt 0:00:22]} 63. Ke1 {[%emt 0:00:21]} Qb1+ {[%emt 0:00:13]} 64. Kf2 {[%emt 0:00:17]} Qc2+ {[%emt 0:00:21]} 65. Ke1 {[%emt 0:00:09]} Qf5 {[%emt 0:00:21]} 66. Kf2 {[%emt 0:01:19]} h4 {[%emt 0:02:17]} 67. Qc1 {[%emt 0:01:15]} Qe5 {[%emt 0:00:45]} 68. Qf1+ {[%emt 0:00:15]} *

[Event "POR Cup Teams 2017-18"]
[Site "Maia"]
[Date "2018.07.15"]
[Round "5"]
[White "Marques, Ricardo Taborda Tri"]
[Black "Diogo, Vasco"]
[Result "0-1"]
[WhiteElo "1876"]
[BlackElo "2224"]
[Annotator "NA"]
[PlyCount "68"]
[EventDate "2018.05.05"]
[EventType "team-tourn"]
[EventCountry "POR"]
[SourceTitle "playchess.com"]
[Source "ChessBase"]
[SourceQuality "1"]
[TimeControl "5400+30"]

1. d4 {[%emt 0:00:00]} Nf6 {[%emt 0:00:00]} 2. Bg5 {[%emt 0:00:00]} e6 {[%emt 0:01:31]} 3. e4 {[%emt 0:00:00]} h6 {[%emt 0:00:08]} 4. Bxf6 {[%emt 0:00:00]} Qxf6 {[%emt 0:00:06]} 5. Nf3 {[%emt 0:00:13]} d6 {[%emt 0:02:38]} 6. Nc3 {[%emt 0:03:21]} g5 {[%emt 0:05:05]} 7. e5 {[%emt 0:15:49]} Qe7 {[%emt 0:02:47] A46: 1 d4 Nf6 2 Nf3 e6: Torre, London and Colle Systems} 8. h3 {[%emt 0:11:01]} Bg7 {[%emt 0:01:30]} 9. Bb5+ $146 {[%emt 0:05:43]} ({Predecessor:} 9. Qe2 a6 10. O-O-O d5 11. Qe3 b5 12. Ne2 Nd7 13. Ng3 c5 14. Nh5 Rg8 15. Nxg7+ Rxg7 {1-0 (31) Chernyshov,K (2548)-Thorfinnsson,B (2328) Budapest 2005}) 9... Nd7 {[%emt 0:02:14]} 10. Qe2 {[%emt 0:01:48]} a6 {[%emt 0:05:44]} 11. Bxd7+ {[%emt 0:00:42]} Bxd7 {[%emt 0:01:04]} 12. O-O-O {[%emt 0:00:48]} d5 {[%emt 0:06:25]} 13. Kb1 {[%emt 0:04:40]} c5 {[%emt 0:09:53]} 14. dxc5 {[%emt 0:01:43]} Qxc5 {[%emt 0:00:20]} 15. Rhe1 {[%emt 0:05:40]} O-O-O {[%emt 0:02:59]} 16. Qe3 {[%emt 0:01:08]} Bf8 {[%emt 0:06:58]} 17. Nd4 {[%emt 0:01:45]} Be7 {[%emt 0:10:43]} 18. Rd3 {[%emt 0:03:53]} Kb8 {[%emt 0:00:17]} 19. Nce2 {[%emt 0:03:12]} Rc8 {[%emt 0:02:32]} {Besser ist} 20. Red1 $11 {[%emt 0:04:45]} Ba4 {[%emt 0:04:29]} 21. Nc3 {[%emt 0:01:13]} Bd7 {[%emt 0:01:01]} 22. Nb3 {[%emt 0:05:02]} Qxe3 {[%emt 0:02:16]} 23. Rxe3 {[%emt 0:00:34]} f5 $11 {[%emt 0:00:50]} 24. exf6 {[%emt 0:03:48]} Bxf6 {[%emt 0:00:09]} 25. Ne4 {[%emt 0:03:54]} Be7 {[%emt 0:01:10]} 26. Nc3 {[%emt 0:01:15]} Bd6 {[%emt 0:03:24]} 27. Red3 {[%emt 0:05:26]} Rhf8 {[%emt 0:03:17]} 28. f3 {[%emt 0:00:21]} Be5 {[%emt 0:07:37]} 29. Nxd5 {[%emt 0:03:40]} exd5 {[%emt 0:01:11]} 30. Rxd5 {[%emt 0:00:08]} Bf5 {[%emt 0:00:12]} 31. R1d2 {[%emt 0:02:37]} Bf4 {[%emt 0:00:35]} 32. Re2 {[%emt 0:00:18]} Rfe8 {[%emt 0:05:01]} 33. Rxe8 {[%emt 0:00:49]} Bxc2+ {[%emt 0:00:46]} 34. Ka1 {[%emt 0:00:12]} Rxe8 0-1